Personnalités francophones nées en mars par images - Statistiques

Statistiques générales
  • Ce quiz a été pris 77 fois
  • Le résultat moyen est 11 sur 16
Statistiques - réponses
Par images Hint Réponse % Correct
Footballeur Antoine Griezmann
100%
Chanteur Stromae
99%
Chanteuse Céline Dion
97%
Acteur Pierre Niney
93%
Animateur André Bouchet / Passe Partout
87%
Footballeur Paul Pogba
87%
Politicien Gabriel Attal
85%
Youtubeur Amixem
84%
Politicien Philippe Poutou
74%
Actrice et Humoriste Valérie Lemercier
65%
Homme d'affaires Bernard Arnault
63%
Danseuse Fauve Hautot
53%
Chanteuse Juliette Armanet
50%
Roi Albert II de Monaco
47%
Actrice Alice Belaïdi
26%
Actrice Judith Godrèche
18%
Aucun quiz correspondant
Distribution des résultats
% des personnes avec chaque résultat
Percentile par nombre de réponses
Votre historique - résultats
Vous n’avez pas pris ce quiz